General Knowledge Science Quiz - Statistics

General Stats
  • This quiz has been taken 506 times
  • The average score is 5 of 11
Answer Stats
Hint Answer % Correct
the only metal liquid at room temperature mercury
96%
1st element on the periodic table hydrogen
91%
chemical name for table salt sodium
78%
chemical formula for water H20
67%
most common noble gas neon
59%
Einsteins most memorable theorem E=MC2
50%
metal with highest melting point tungsten
32%
number of elements on periodic table 120+
25%
what is Latin for "science"? scient
17%
32nd element on the periodic table gallium
12%
the element used in touchscreen phones indium
4%
No matching quizzes found
Score Distribution
Percent of People with Each Score
Percentile by Number Answered
Your Score History
You have not taken this quiz